Weather / (Record no. 59)

MARC details
000 -LEADER
fixed length control field 00980nam a22003257a 4500
001 - CONTROL NUMBER
control field 59
003 - CONTROL NUMBER IDENTIFIER
control field FISKH
005 - DATE AND TIME OF LATEST TRANSACTION
control field 20230220134903.0
008 - FIXED-LENGTH DATA ELEMENTS--GENERAL INFORMATION
fixed length control field 230220b cb ||||| |||| 00| 0 eng d
010 ## - LIBRARY OF CONGRESS CONTROL NUMBER
LC control number 99070469
020 ## - INTERNATIONAL STANDARD BOOK NUMBER
International Standard Book Number 079223460X
035 ## - SYSTEM CONTROL NUMBER
System control number (OCoLC)ocm42416275
040 ## - CATALOGING SOURCE
Original cataloging agency ZNM
Transcribing agency ZNM
Modifying agency DLC
042 ## - AUTHENTICATION CODE
Authentication code lccopycat
050 00 - LIBRARY OF CONGRESS CALL NUMBER
Classification number QC981.3
Item number .D34 1999
082 04 - DEWEY DECIMAL CLASSIFICATION NUMBER
Classification number 551.5
Edition number 20
100 1# - MAIN ENTRY--PERSONAL NAME
Personal name Daniels, Patricia,
Dates associated with a name 1955-
245 10 - TITLE STATEMENT
Title Weather /
Statement of responsibility, etc. Patricia Daniels ; photographs supplied by Animals Animals/Earth Scene.
260 ## - PUBLICATION, DISTRIBUTION, ETC.
Place of publication, distribution, etc. Washington, D.C. :
Name of publisher, distributor, etc. National Geographic Society,
Date of publication, distribution, etc. c1999.
300 ## - PHYSICAL DESCRIPTION
Extent 80 p. :
Other physical details col. ill. ;
Dimensions 17 cm.
440 #0 - SERIES STATEMENT/ADDED ENTRY--TITLE
Title My first pocket guide
500 ## - GENERAL NOTE
General note Includes index.
521 8# - TARGET AUDIENCE NOTE
Target audience note 550
Source Lexile
521 8# - TARGET AUDIENCE NOTE
Target audience note N
Source Raz-Plus
650 #0 - SUBJECT ADDED ENTRY--TOPICAL TERM
Topical term or geographic name entry element Weather
Form subdivision Juvenile literature.
650 #0 - SUBJECT ADDED ENTRY--TOPICAL TERM
Topical term or geographic name entry element Meteorology
Form subdivision Juvenile literature.
710 2# - ADDED ENTRY--CORPORATE NAME
Corporate name or jurisdiction name as entry element Animals, Animals (Firm)
906 ## - LOCAL DATA ELEMENT F, LDF (RLIN)
a 7
b cbc
c copycat
d 2
e epcn
f 19
g y-gencatlg
942 ## - ADDED ENTRY ELEMENTS (KOHA)
Source of classification or shelving scheme Dewey Decimal Classification
Koha item type Books
Suppress in OPAC No
Holdings
Withdrawn status Lost status Source of classification or shelving scheme Damaged status Not for loan Collection Home library Current library Shelving location Date acquired Total Checkouts Full call number Barcode Date last seen Price effective from Koha item type
    Library of Congress Classification     Non-Fiction Footprints International School Library Network Toul Kork Campus Footprints International School Library Network Toul Kork Campus TK Primary Library Room(4th Floor), Bookcase 3&4, Shelves 17-32, Yellow Books 02/20/2023   DAN 551.5 QC9813.D34 1999 FISTK00578 02/20/2023 02/20/2023 Books